Statistics for All Commercial Airports in Malaysia

Click here to take the quiz!

General Stats

  • This quiz has been taken 10 times
  • The average score is 8 of 20

Answer Stats

HintAnswer% Correct
SabahKota Kinabalu International Airport
100%
SelangorKuala Lumpur International Airport
100%
PenangPenang International Airport
100%
SarawakKuching International Airport
89%
KedahLangkawi International Airport
78%
SarawakBintulu Airport
56%
SabahSandakan Airport
56%
JohorSenai International Airport
56%
SarawakSibu Airport
56%
SabahTawau Airport
56%
SarawakMiri AIrport
44%
SarawakMukah Airport
22%
MalaccaMalacca International Airport
11%
TerengganuKerteh Airport
0%
SelangorSultan Abdul Aziz Shah Airport
0%
KedahSultan Abdul Halim Airport
0%
PerakSultan Azan Shah Airport
0%
PahangSultan Haji Ahmad Shah Airport
0%
KelantanSultan Ismail Petra Airport
0%
TerengganuSultan Mahmud Airport
0%

Score Distribution

Percentile by Number Answered

Percent of People with Each Score

Your Score History

You have not taken this quiz